[Event "Oban Open"]
[Site "?"]
[Date "2011.11.20"]
[Round "4"]
[White "Sreeves, Clement"]
[Black "Holmes, Donald"]
[Result "0-1"]
[WhiteElo "2148"]
[BlackElo "2263"]
[PlyCount "66"]

1. e4 c5 2. Nf3 d6 3. d4 cxd4 4. Nxd4 Nf6 5. Nc3 a6 6. Be3 e6 7. g4 h6 8. Bg2
e5 9. Nf5 g6 10. Qe2 gxf5 11. exf5 Nc6 12. O-O-O Bd7 13. f4 Qa5 14. g5 hxg5 15.
fxg5 Nh5 16. Bf3 Ng7 17. Nd5 O-O-O 18. a3 Nd4 19. Rxd4 exd4 20. Bxd4 Rh4 21.
Bb6 Qb5 22. Qf2 Nxf5 23. Nc3 Qc4 24. Bxd8 Kxd8 25. Bxb7 Qf4+ 26. Qxf4 Rxf4 27.
Bxa6 Rg4 28. Rf1 Be7 29. Bd3 Bxg5+ 30. Kb1 Ne3 31. Rf3 f5 32. a4 Be6 33. Rg3
Bf4 0-1

[Event "Oban Open"]
[Site "?"]
[Date "2011.11.20"]
[Round "4"]
[White "McClement, Andrew"]
[Black "Neave, George"]
[Result "1-0"]
[WhiteElo "2111"]
[BlackElo "2126"]
[PlyCount "63"]

1. e4 c5 2. Nf3 Nc6 3. d4 cxd4 4. Nxd4 Nf6 5. Nc3 e5 6. Ndb5 d6 7. Bg5 a6 8.
Na3 b5 9. Nd5 Be7 10. Bxf6 Bxf6 11. c3 O-O 12. Nc2 Bg5 13. a4 bxa4 14. Rxa4 a5
15. Bc4 Rb8 16. b3 Kh8 17. Nce3 g6 18. Qe2 f5 19. h4 Bxh4 20. exf5 Bxf5 21.
Nxf5 Rxf5 22. g3 Bg5 23. Bd3 Qf8 24. Bxf5 Qxf5 25. O-O e4 26. Qxe4 Qxe4 27.
Rxe4 Rxb3 28. Re6 Rb5 29. Rxd6 Rc5 30. Re1 Bd2 31. Re8+ Kg7 32. Rc8 1-0

[Event "Oban Open"]
[Site "?"]
[Date "2011.11.20"]
[Round "4"]
[White "Tsang, Sai Kong"]
[Black "Page, Mark"]
[Result "0-1"]
[WhiteElo "1823"]
[BlackElo "2023"]
[PlyCount "86"]

1. d4 Nf6 2. c4 g6 3. Nc3 Bg7 4. e4 d6 5. Be2 O-O 6. Bg5 c5 7. d5 h6 8. Bc1 a6
9. Nf3 e6 10. a4 Re8 11. Nd2 exd5 12. cxd5 Nbd7 13. O-O Ne5 14. f4 Neg4 15. Nc4
Nxh2 16. Kxh2 Nxe4 17. Nxe4 Qh4+ 18. Kg1 Rxe4 19. Ra3 Bf5 20. Qe1 Qe7 21. Be3
Re8 22. g4 Bd7 23. Qg3 b5 24. axb5 axb5 25. Nb6 Rxe3 26. Rxe3 Bd4 27. Rff3
Bxe3+ 28. Rxe3 Qxe3+ 29. Qxe3 Rxe3 30. Kf2 Re7 31. b3 Be8 32. Nc8 Rd7 33. Bxb5
Rd8 34. Ne7+ Kf8 35. Nc6 Bxc6 36. dxc6 Rc8 37. Ke3 d5 38. f5 Ke7 39. Kf4 Kf6
40. fxg6 fxg6 41. Ke3 g5 42. Kf2 Ke5 43. Ke3 Kd6 0-1

[Event "Oban Open"]
[Site "?"]
[Date "2011.11.20"]
[Round "4"]
[White "Schwartz, Julius"]
[Black "Grant, Alan"]
[Result "1/2-1/2"]
[WhiteElo "1876"]
[BlackElo "2173"]
[PlyCount "70"]

1. d4 Nf6 2. c4 e6 3. Nc3 Bb4 4. e3 b6 5. Bd3 Bb7 6. f3 c5 7. a3 Bxc3+ 8. bxc3
Nc6 9. Ne2 e5 10. d5 Na5 11. Ng3 Ba6 12. Qa4 O-O 13. e4 d6 14. Nf5 Ne8 15. O-O
g6 16. Nh6+ Kh8 17. f4 f6 18. Ng4 h5 19. Nh6 Kg7 20. g4 Kxh6 21. gxh5 Kg7 22.
Ra2 gxh5 23. fxe5 dxe5 24. Rg2+ Kf7 25. Be2 Rh8 26. Rg5 Nd6 27. Bxh5+ Kf8 28.
Rxe5 Kg7 29. Re6 Rxh5 30. Rfxf6 Qxf6 31. Rxf6 Kxf6 32. Qd7 Rg8+ 33. Kh1 Nxe4
34. Qe6+ Kg7 35. Qxe4 Rgh8 1/2-1/2

[Event "Oban Open"]
[Site "?"]
[Date "2011.11.20"]
[Round "4"]
[White "Swan, Iain"]
[Black "Pyrich, George"]
[Result "1-0"]
[WhiteElo "2139"]
[BlackElo "1908"]
[PlyCount "67"]

1. e4 c5 2. Nf3 e6 3. d4 cxd4 4. Nxd4 Nc6 5. Nc3 Qc7 6. Be3 a6 7. Qd2 Nf6 8. f3
Be7 9. O-O-O O-O 10. g4 b5 11. g5 Nh5 12. Kb1 Bb7 13. Rg1 Rac8 14. Bd3 Nxd4 15.
Bxd4 e5 16. Bf2 Bb4 17. Nd5 Bxd2 18. Nxc7 Bb4 19. Nd5 Bxd5 20. exd5 Nf4 21. Bf5
Rc7 22. d6 Rc6 23. c3 Bc5 24. Bxd7 Bxf2 25. Bxc6 Bxg1 26. Rxg1 Ne6 27. Bb7 Nc5
28. Bc6 Rd8 29. Rd1 Kf8 30. h4 f6 31. gxf6 gxf6 32. b4 Nd7 33. a4 bxa4 34. c4
1-0

[Event "Oban Open"]
[Site "?"]
[Date "2011.11.20"]
[Round "4"]
[White "Borwell, Alan"]
[Black "Bremner, Adam"]
[Result "0-1"]
[WhiteElo "2043"]
[BlackElo "2068"]
[PlyCount "51"]

1. e4 c6 2. b3 d5 3. Bb2 dxe4 4. Nc3 Nf6 5. Nge2 Bg4 6. h3 Bh5 7. g4 Bg6 8. Bg2
Qc7 9. Ng3 Nbd7 10. Ngxe4 e6 11. Qe2 Be7 12. O-O-O Nxe4 13. Nxe4 Bxe4 14. Bxe4
Bf6 15. d4 a5 16. a4 Rb8 17. Ba3 Be7 18. Bxe7 Kxe7 19. Bd3 Rhc8 20. Rd2 Nf6 21.
c4 b5 22. g5 Ne8 23. axb5 cxb5 24. d5 bxc4 25. bxc4 Qb7 26. dxe6 0-1

[Event "Oban Open"]
[Site "?"]
[Date "2011.11.20"]
[Round "4"]
[White "Minnican, Alan"]
[Black "Dawson, Alastair"]
[Result "1-0"]
[WhiteElo "2046"]
[BlackElo "1861"]
[PlyCount "75"]

1. Nf3 e6 2. g3 f5 3. d3 Nf6 4. Nc3 d5 5. Bf4 Bd6 6. Ne5 c6 7. d4 Qc7 8. Bg2
Nbd7 9. Nxd7 Bxd7 10. e3 O-O 11. O-O Rae8 12. Ne2 Re7 13. Qd3 h6 14. c4 b6 15.
Rac1 g5 16. Bxd6 Qxd6 17. a3 Be8 18. b4 Bh5 19. f3 Kg7 20. Nc3 Bg6 21. f4 Ne4
22. Nxe4 fxe4 23. Qe2 gxf4 24. Rxf4 Rxf4 25. gxf4 c5 26. dxc5 bxc5 27. Qb2+ Kh7
28. cxd5 cxb4 29. Rc8 Rg7 30. Qxb4 Qxd5 31. Qb2 Qd1+ 32. Kf2 Bf5 33. Qc2 Qg4
34. Kf1 Rd7 35. Rc7 Rxc7 36. Qxc7+ Kg6 37. Qc2 Qh4 38. Bxe4 1-0

[Event "Oban Open"]
[Site "?"]
[Date "2011.11.20"]
[Round "4"]
[White "Marks, Ian"]
[Black "Berry, Neil"]
[Result "1/2-1/2"]
[WhiteElo "1883"]
[BlackElo "2314"]
[PlyCount "83"]

1. e4 e5 2. Nf3 Nc6 3. Bb5 a6 4. Ba4 Nf6 5. O-O Be7 6. Re1 b5 7. Bb3 d6 8. h3
O-O 9. c3 Na5 10. Bc2 c5 11. d4 Qc7 12. Nbd2 cxd4 13. cxd4 Nc6 14. d5 Nb4 15.
Bb1 a5 16. a3 Na6 17. Nf1 Bd7 18. Ng3 Rfc8 19. Bg5 Nc5 20. Re2 b4 21. Bc2 Qb7
22. Nd2 Nxd5 23. Bxe7 Nxe7 24. Nb3 Nxb3 25. Bxb3 a4 26. Bc2 b3 27. Bd3 Rc6 28.
Qd2 Rac8 29. Nf1 Ng6 30. Ne3 Nf4 31. Ree1 Be6 32. Rad1 Qb6 33. Bf1 h5 34. h4
Bg4 35. Rc1 Rxc1 36. Rxc1 Rxc1 37. Qxc1 Qd4 38. Nxg4 hxg4 39. Qc8+ Kh7 40. Qf5+
Kg8 41. Qc8+ Kh7 42. Qf5+ 1/2-1/2

[Event "Oban Open"]
[Site "?"]
[Date "2011.11.20"]
[Round "4"]
[White "Dunlop, Tony"]
[Black "Rutherford, Elaine"]
[Result "0-1"]
[WhiteElo "1698"]
[BlackElo "2120"]
[PlyCount "131"]

1. f4 d5 2. Nf3 Nf6 3. b3 b6 4. Bb2 Bb7 5. e3 Nbd7 6. Be2 e6 7. O-O Be7 8. a4
O-O 9. h3 Ne4 10. Qe1 Bf6 11. d4 Rc8 12. Nbd2 Nd6 13. Bd3 c5 14. c3 Be7 15. Rc1
c4 16. bxc4 Ba6 17. Qe2 Nxc4 18. Nxc4 Bxc4 19. Ra1 Bxd3 20. Qxd3 Rc6 21. Rfb1
Qc7 22. a5 bxa5 23. Qb5 Rb8 24. Qxa5 Qxa5 25. Rxa5 a6 26. Ne1 Nf6 27. Nd3 Rxc3
28. Bxc3 Rxb1+ 29. Be1 Rd1 30. Rxa6 Rxd3 31. Ra8+ Bf8 32. Bb4 Nd7 33. Be7 f6
34. Bxf8 Nxf8 35. Kf2 Rc3 36. Ra7 Rc8 37. g4 Rd8 38. f5 exf5 39. gxf5 Rd7 40.
Ra6 Kf7 41. Kf3 g6 42. e4 dxe4+ 43. Kxe4 Re7+ 44. Kf4 g5+ 45. Kf3 h5 46. Ra8
Rb7 47. Ra3 Nd7 48. Ke4 Ke7 49. h4 g4 50. Re3 Kd6 51. Rc3 Rb8 52. Ra3 Re8+ 53.
Kf4 Kd5 54. Ra7 Re7 55. Ra8 Re4+ 56. Kg3 Re3+ 57. Kg2 Rf3 58. Ra7 Kc6 59. Ra5
Rf4 60. Ra8 Rxf5 61. Rd8 Kd6 62. Rh8 Ke6 63. Rh7 Nf8 64. Ra7 Rd5 65. Ra6+ Kf5
66. Ra4 0-1

[Event "Oban Open"]
[Site "?"]
[Date "2011.11.20"]
[Round "4"]
[White "Doyle, James"]
[Black "Thomas, Daniel"]
[Result "1-0"]
[WhiteElo "1908"]
[BlackElo "1549"]
[PlyCount "59"]

1. d4 d5 2. Nf3 Nc6 3. Bf4 f6 4. c3 g6 5. e3 Bg7 6. Bb5 Bg4 7. h3 Bxf3 8. Qxf3
e5 9. Bh2 Nge7 10. Nd2 O-O 11. Rd1 a6 12. Ba4 Nf5 13. Bb3 Nce7 14. e4 Nh4 15.
Qg4 g5 16. dxe5 h5 17. Qxh5 Nxg2+ 18. Kf1 Nh4 19. exd5 Nxd5 20. Nf3 c6 21. Nxh4
gxh4 22. Rg1 Qd7 23. Qxh4 f5 24. Qg5 Rae8 25. Rxd5 cxd5 26. Bxd5+ Kh7 27. Qg6+
Kh8 28. Qh5+ Bh6 29. Rg6 Re7 30. Qxh6+ 1-0

[Event "Oban Open"]
[Site "?"]
[Date "2011.11.20"]
[Round "5"]
[White "Holmes, Donald"]
[Black "MacQueen, Calum"]
[Result "1/2-1/2"]
[WhiteElo "2263"]
[BlackElo "2203"]
[PlyCount "69"]

1. d4 Nf6 2. c4 g6 3. Nc3 Bg7 4. e4 d6 5. Bg5 O-O 6. f3 Nc6 7. Nge2 a6 8. Qd2
Rb8 9. Rc1 Bd7 10. Nd1 Re8 11. c5 dxc5 12. Rxc5 b6 13. Rc1 e5 14. d5 Na7 15.
Nec3 b5 16. Be3 Nc8 17. Nf2 c6 18. dxc6 Bxc6 19. Qxd8 Rxd8 20. Be2 Nd6 21. b3
Nh5 22. O-O Nf4 23. Rfe1 Rbc8 24. Bf1 b4 25. Na4 Bb5 26. Rxc8 Rxc8 27. Bc5 Bxa4
28. Bxd6 Bb5 29. Bxb4 Rc2 30. Rd1 h5 31. Rd2 Rc1 32. Rd1 Rc2 33. Bxb5 axb5 34.
Rd2 Rc1+ 35. Rd1 1/2-1/2

[Event "Oban Open"]
[Site "?"]
[Date "2011.11.20"]
[Round "5"]
[White "Birkett, Richard"]
[Black "McClement, Andrew"]
[Result "0-1"]
[WhiteElo "1999"]
[BlackElo "2111"]
[PlyCount "124"]

1. d4 Nf6 2. Nf3 e6 3. g3 b6 4. Bg2 c5 5. O-O Bb7 6. e3 Be7 7. c4 cxd4 8. exd4
d5 9. b3 O-O 10. Bb2 Nbd7 11. Nbd2 Rc8 12. Rc1 dxc4 13. bxc4 Qc7 14. Re1 Bd6
15. Ne5 Bxg2 16. Kxg2 Rfd8 17. Nxd7 Qxd7 18. Qb3 Be7 19. f3 Rc7 20. Ne4 Nxe4
21. fxe4 Rdc8 22. Red1 Bf6 23. a4 Qc6 24. d5 exd5 25. cxd5 Qd6 26. Rxc7 Rxc7
27. Bxf6 Qxf6 28. Rd3 Rc1 29. Rf3 Qd6 30. Qe3 Rc4 31. a5 f6 32. Rf2 Qb4 33.
axb6 axb6 34. Qf4 Rxe4 35. Qb8+ Kf7 36. d6 Rd4 37. Re2 Kg6 38. Qe8+ Kh6 39.
Qe3+ g5 40. Qf3 Qxd6 41. Qe3 Rd3 42. Qe6 Kg7 43. Qe4 Qd5 44. Qxd5 Rxd5 45. Re7+
Kg6 46. Rb7 Rd2+ 47. Kf3 Rxh2 48. Rxb6 h5 49. Rb8 Ra2 50. Rb3 Ra4 51. Rc3 h4
52. gxh4 Rxh4 53. Rc5 Ra4 54. Rc3 f5 55. Kg3 Kh5 56. Rc8 Ra3+ 57. Kg2 Kg4 58.
Rc2 f4 59. Kh2 Kh4 60. Rf2 f3 61. Rc2 g4 62. Rc8 g3+ 0-1

[Event "Oban Open"]
[Site "?"]
[Date "2011.11.20"]
[Round "5"]
[White "Page, Mark"]
[Black "Swan, Iain"]
[Result "1/2-1/2"]
[WhiteElo "2023"]
[BlackElo "2139"]
[PlyCount "62"]

1. e4 e6 2. d4 d5 3. Nc3 Nf6 4. Bg5 Bb4 5. e5 h6 6. Bd2 Bxc3 7. bxc3 Ne4 8. Qg4
g6 9. h4 c5 10. Bd3 Nxd2 11. Kxd2 Nc6 12. Rh3 Qe7 13. Rb1 c4 14. Be2 Qa3 15. h5
g5 16. f4 Qxa2 17. Rf1 Bd7 18. fxg5 O-O-O 19. Rxf7 hxg5 20. h6 Na5 21. Bd1 Nb3+
22. Ke1 Na1 23. Ne2 Nxc2+ 24. Bxc2 Qxc2 25. h7 Qg6 26. Rf6 Qb1+ 27. Kf2 Rxh7
28. Qxg5 Rxh3 29. gxh3 a5 30. Qg7 a4 31. Qe7 Qb2 1/2-1/2

[Event "Oban Open"]
[Site "?"]
[Date "2011.11.20"]
[Round "5"]
[White "Bremner, Adam"]
[Black "Sreeves, Clement"]
[Result "0-1"]
[WhiteElo "2068"]
[BlackElo "2148"]
[PlyCount "116"]

1. e4 c5 2. Nf3 d6 3. d4 cxd4 4. Nxd4 Nf6 5. Nc3 g6 6. Be3 a6 7. f3 b5 8. Qd2
Bb7 9. a4 b4 10. Nce2 e5 11. Qxb4 Qc7 12. Nb3 d5 13. Qb6 Qxb6 14. Bxb6 Nbd7 15.
a5 dxe4 16. f4 exf4 17. Nxf4 Bh6 18. g3 Rc8 19. O-O-O O-O 20. Bh3 Nxb6 21. axb6
Rc6 22. Na5 Rxb6 23. Nxb7 Rxb7 24. Kb1 Rfb8 25. b3 a5 26. Rd4 Rb4 27. Rhd1 a4
28. Rxb4 Rxb4 29. Ka2 axb3+ 30. cxb3 Bxf4 31. gxf4 e3 32. Rd3 Re4 33. Bf1 e2
34. Bxe2 Rxe2+ 35. Ka3 Kf8 36. b4 Ke7 37. b5 Nd7 38. h3 Re4 39. Rf3 f5 40. h4
Kd6 41. h5 gxh5 42. Rh3 Nf6 43. Rc3 Nd5 44. Rc6+ Kd7 45. Rh6 Rxf4 46. Rxh5 Kd6
47. Rxh7 Kc5 48. Kb3 Kxb5 49. Kc2 Rd4 50. Rh5 f4 51. Rh8 Kc5 52. Rh3 Kc4 53.
Ra3 Ne3+ 54. Kc1 Kd5 55. Ra8 Ke4 56. Re8+ Kd3 57. Rf8 Ke2 58. Rd8 Rxd8 0-1

[Event "Oban Open"]
[Site "?"]
[Date "2011.11.20"]
[Round "5"]
[White "Grant, Alan"]
[Black "Minnican, Alan"]
[Result "1/2-1/2"]
[WhiteElo "2173"]
[BlackElo "2046"]
[PlyCount "80"]

1. Nf3 e6 2. c4 d5 3. g3 g6 4. Bg2 Bg7 5. O-O Ne7 6. d4 Nbc6 7. e3 O-O 8. Nc3
b6 9. cxd5 exd5 10. Qd2 Bf5 11. b3 Qd6 12. Bb2 Rac8 13. Rfd1 Rfd8 14. Rac1 a6
15. Na4 Be4 16. Qe2 a5 17. Ne1 Bxg2 18. Kxg2 h5 19. Rd2 Bf6 20. Rdc2 h4 21. a3
Kg7 22. Nf3 Rh8 23. g4 h3+ 24. Kh1 g5 25. Nc3 Qe6 26. Rg1 Nd8 27. e4 dxe4 28.
Nxe4 Nd5 29. Bc1 Re8 30. Nfd2 Bxd4 31. Qc4 c5 32. Nxg5 Qc6 33. Ndf3 Ne6 34.
Nxe6+ Qxe6 35. Nxd4 cxd4 36. Qxd4+ f6 37. Rxc8 Rxc8 38. g5 Kf7 39. g6+ Kg7 40.
f4 Qf5 1/2-1/2

[Event "Oban Open"]
[Site "?"]
[Date "2011.11.20"]
[Round "5"]
[White "Neave, George"]
[Black "Tsang, Sai Kong"]
[Result "0-1"]
[WhiteElo "2126"]
[BlackElo "1823"]
[PlyCount "102"]

1. d4 Nf6 2. c4 g6 3. Nf3 Bg7 4. g3 O-O 5. Bg2 d6 6. Nc3 Nbd7 7. O-O e5 8. e4
c6 9. Re1 a6 10. a4 a5 11. b3 Qc7 12. Ba3 Re8 13. dxe5 dxe5 14. Bd6 Qd8 15. c5
Bf8 16. Qc2 Bxd6 17. cxd6 Nb8 18. Rad1 Na6 19. Na2 Kg7 20. Qc3 Bg4 21. Bf1 Nc5
22. Nxe5 Bxd1 23. Qxc5 Bxb3 24. Nc3 b6 25. Qa3 Rxe5 26. Qxb3 Qxd6 27. Qxb6 Rb8
28. Qe3 Qc5 29. Qd2 Rb3 30. Rc1 Qb4 31. Qe1 Rc5 32. e5 Rbxc3 33. exf6+ Kxf6 34.
Rd1 Re5 35. Qd2 Rd5 36. Qe1 Rxd1 37. Qxd1 Qc5 38. h4 h5 39. Qa1 Kg7 40. Kg2 Kh7
41. Qe1 Rc1 42. Qe2 Ra1 43. Kh2 Rxa4 44. Bg2 Qd6 45. f4 Rd4 46. Qa2 Kg7 47.
Qxa5 Rd2 48. Qc3+ Kh7 49. Kh1 Qd3 50. Qf6 Kg8 51. Kh2 Qd5 0-1

[Event "Oban Open"]
[Site "?"]
[Date "2011.11.20"]
[Round "5"]
[White "Rutherford, Elaine"]
[Black "Schwartz, Julius"]
[Result "1-0"]
[WhiteElo "2120"]
[BlackElo "1876"]
[PlyCount "37"]

1. e4 c5 2. Nc3 Nc6 3. f4 g6 4. Nf3 Bg7 5. Bc4 e6 6. f5 Nge7 7. fxe6 fxe6 8.
O-O O-O 9. d3 d5 10. exd5 exd5 11. Bb3 Nd4 12. Bg5 Nxb3 13. axb3 d4 14. Qe1 Rf7
15. Ne4 Qd5 16. Bxe7 Rxe7 17. Qh4 Rc7 18. Nfg5 h6 19. Qxh6 1-0

[Event "Oban Open"]
[Site "?"]
[Date "2011.11.20"]
[Round "5"]
[White "Berry, Neil"]
[Black "Doyle, James"]
[Result "1-0"]
[WhiteElo "2314"]
[BlackElo "1908"]
[PlyCount "87"]

1. Nf3 c6 2. c4 Nf6 3. d4 d5 4. Nc3 e6 5. Bg5 h6 6. Bh4 Be7 7. e3 Nbd7 8. Bd3
dxc4 9. Bxc4 Nb6 10. Bd3 Nfd5 11. Bg3 Nxc3 12. bxc3 Nd5 13. c4 Qa5+ 14. Nd2 Qc3
15. Be2 Nf6 16. O-O Qa5 17. c5 Qd8 18. Qc2 O-O 19. Nc4 Nd5 20. e4 Nc7 21. Bxc7
Qxc7 22. e5 b6 23. Nd6 Bd7 24. Qe4 bxc5 25. Bd3 g6 26. dxc5 Qa5 27. Qe3 Kg7 28.
f4 Bc8 29. Rf3 Bxd6 30. cxd6 Rb8 31. Rg3 Rb2 32. Qe4 Rh8 33. h4 Qc3 34. Rf1
Qc5+ 35. Kh2 Qd5 36. Rxg6+ Kf8 37. Rg3 Bb7 38. Qxd5 cxd5 39. Rc1 Ke8 40. Rc7
Rf8 41. Bc2 d4 42. Bb3 Ba6 43. Rxa7 d3 44. Rxa6 1-0

[Event "Oban Open"]
[Site "?"]
[Date "2011.11.20"]
[Round "5"]
[White "Dawson, Alastair"]
[Black "Marks, Ian"]
[Result "1/2-1/2"]
[WhiteElo "1861"]
[BlackElo "1884"]
[PlyCount "41"]

1. d4 Nf6 2. Nf3 e6 3. e3 b6 4. Bd3 Bb7 5. Nbd2 d5 6. O-O c5 7. b3 Nc6 8. Bb2
Rc8 9. a3 cxd4 10. exd4 g6 11. Ne5 Bg7 12. f4 O-O 13. Qe2 Qc7 14. Rac1 Rfd8 15.
Rf3 Qe7 16. Rh3 Nd7 17. Re1 Re8 18. Re3 Bh6 19. Rf3 Bg7 20. Re3 Bh6 21. Rf3
1/2-1/2

[Event "Oban Open"]
[Site "?"]
[Date "2011.11.20"]
[Round "5"]
[White "Thomas, Daniel"]
[Black "Ferry, Edward"]
[Result "1/2-1/2"]
[WhiteElo "1549"]
[BlackElo "1973"]
[PlyCount "123"]

1. d4 Nf6 2. c4 e6 3. Nc3 d5 4. f3 c5 5. Bg5 dxc4 6. dxc5 Qxd1+ 7. Rxd1 Bxc5 8.
e4 Nc6 9. Bxc4 Bd7 10. Nge2 h6 11. Bxf6 gxf6 12. Kd2 Rg8 13. Ng3 a6 14. Kc1 b5
15. Bf1 b4 16. Na4 Be3+ 17. Kb1 Ne5 18. Nh5 Ke7 19. b3 Bxa4 20. bxa4 Rgc8 21.
Ng3 Rc5 22. Re1 Bd2 23. Rd1 Bc3 24. Ne2 Ra5 25. Nxc3 bxc3 26. Rd4 Rb8+ 27. Kc2
Rc5 28. Bxa6 Rb2+ 29. Kc1 Nc6 30. Rc4 Rxc4 31. Bxc4 Na5 32. Bb3 Rxg2 33. h4 Rf2
34. Rh3 Nc6 35. f4 Nd4 36. Rd3 e5 37. a5 Rf1+ 38. Rd1 Rxd1+ 39. Bxd1 Kd6 40. f5
Kc5 41. Bh5 Kb5 42. Bxf7 Kxa5 43. Bg8 Kb4 44. Bf7 Nf3 45. Kc2 Nd4+ 46. Kc1 Nb5
47. Kc2 Na3+ 48. Kc1 Kc5 49. Bb3 Kd4 50. Bd5 Ke3 51. h5 Kd3 52. Bc6 c2 53. Bd5
Kc3 54. Bb3 Nb5 55. Bxc2 Nd4 56. Bd1 Kb4 57. Kd2 Nb5 58. Bb3 Nd6 59. Kd3 Nb5
60. a4 Nd4 61. Bd1 Nc6 62. Bc2 1/2-1/2

[Event "Oban Challengers"]
[Site "?"]
[Date "2011.11.19"]
[Round "3"]
[White "Parks, Joe"]
[Black "Gillies, Alex"]
[Result "1-0"]
[WhiteElo "1860"]
[BlackElo "1871"]
[PlyCount "44"]

1. d4 d5 2. c4 e6 3. Nf3 c6 4. e3 Bd6 5. Bd3 Nf6 6. O-O O-O 7. Nc3 Nbd7 8. c5
Bc7 9. b4 e5 10. dxe5 Nxe5 11. Nxe5 Bxe5 12. Qc2 a5 13. f4 Bxc3 14. Qxc3 axb4
15. Qxb4 Qe7 16. Bd2 Re8 17. f5 Ne4 18. Bxe4 Qxe4 19. Rf4 Qe5 20. Qb1 f6 21. g4
g6 22. fxg6 hxg6 1-0

[Event "Oban Challengers"]
[Site "?"]
[Date "2011.11.19"]
[Round "3"]
[White "Grant, David"]
[Black "Livie, George"]
[Result "1-0"]
[WhiteElo "1878"]
[BlackElo "1623"]
[PlyCount "115"]

1. e4 c6 2. d4 d5 3. Nc3 dxe4 4. Nxe4 Bf5 5. Ng3 Bg6 6. Nf3 Nf6 7. Bc4 e6 8.
O-O Bd6 9. Ne2 Qe7 10. g3 Nbd7 11. Bf4 Nd5 12. Bxd6 Qxd6 13. c3 O-O 14. Re1 f6
15. Bb3 Bh5 16. Kg2 b5 17. Bxd5 cxd5 18. Nf4 Bf7 19. Nd3 Rae8 20. Qd2 Bg6 21.
Nh4 Be4+ 22. Kg1 e5 23. dxe5 fxe5 24. Nb4 Qe6 25. f3 Rxf3 26. Nxf3 Bxf3 27. Re3
Be4 28. Rae1 Nf6 29. R3e2 Ng4 30. Rxe4 dxe4 31. Qd5 Qxd5 32. Nxd5 Rd8 33. Ne7+
Kf7 34. Rxe4 Rd1+ 35. Kg2 Kxe7 36. Rxg4 Kf6 37. Rb4 a6 38. a4 Rd2+ 39. Kf3 bxa4
40. Rxa4 Rxb2 41. Rxa6+ Kf5 42. g4+ Kg5 43. Kg3 g6 44. h4+ Kh6 45. Ra7 g5 46.
h5 Rd2 47. Ra6+ Kg7 48. h6+ Kf7 49. Kf3 Rd3+ 50. Ke4 Rxc3 51. Kf5 e4 52. Ra7+
Ke8 53. Kxe4 Rc4+ 54. Kf5 Rc5+ 55. Kf6 Rc6+ 56. Kxg5 Rg6+ 57. Kh5 Kf8 58. Rxh7
1-0

[Event "Oban Challengers"]
[Site "?"]
[Date "2011.11.19"]
[Round "3"]
[White "Jelfs, Alan"]
[Black "O'Gorman, Brendan"]
[Result "1-0"]
[WhiteElo "1860"]
[BlackElo "1760"]
[PlyCount "39"]

1. d4 d5 2. c4 c6 3. Nc3 Nf6 4. Nf3 dxc4 5. e4 b5 6. e5 Nd5 7. a4 b4 8. Ne4 c3
9. bxc3 Bf5 10. Bd3 Bxe4 11. Bxe4 Nxc3 12. Qc2 Nxe4 13. Qxe4 Qd5 14. Qc2 e6 15.
O-O a5 16. Bb2 Be7 17. Rac1 O-O 18. Nd2 Rc8 19. Nc4 Nd7 20. Ne3 1-0

[Event "Oban Challengers"]
[Site "?"]
[Date "2011.11.19"]
[Round "4"]
[White "Jelfs, Alan"]
[Black "Parks, Joe"]
[Result "1/2-1/2"]
[WhiteElo "1860"]
[BlackElo "1860"]
[PlyCount "64"]

1. d4 d5 2. c4 e6 3. Nc3 c5 4. cxd5 cxd4 5. Qxd4 Nc6 6. Qa4 exd5 7. Bf4 Bb4 8.
O-O-O Bxc3 9. bxc3 Nf6 10. f3 O-O 11. e4 Bd7 12. exd5 Ne7 13. Qb3 Rc8 14. Kb2
Qa5 15. Rd4 Nexd5 16. Bd2 Nb6 17. c4 Qe5 18. Qe3 Na4+ 19. Kb1 Qxe3 20. Bxe3
Rfe8 21. Bd2 Bf5+ 22. Ka1 Rcd8 23. Ne2 Nc5 24. Kb2 Nd3+ 25. Kc3 Nc5 26. g4 Bd3
27. Rxd8 Rxd8 28. Nd4 Bxf1 29. Rxf1 Na4+ 30. Kd3 Nb2+ 31. Kc3 Na4+ 32. Kd3 Nb2+
1/2-1/2

[Event "Oban Challengers"]
[Site "?"]
[Date "2011.11.20"]
[Round "4"]
[White "Aitchison, Keith"]
[Black "Grant, David"]
[Result "0-1"]
[WhiteElo "1640"]
[BlackElo "1877"]
[PlyCount "110"]

1. e4 g6 2. d4 d6 3. f4 Bg7 4. Nf3 c5 5. c3 Bd7 6. Bc4 b5 7. Bb3 c4 8. Bc2 Nc6
9. d5 Na5 10. Be3 Nb7 11. O-O Nh6 12. h3 Qc8 13. Qe1 f6 14. Nd4 O-O 15. f5 Nf7
16. Ne6 Bxe6 17. fxe6 Ne5 18. Qd2 Nc5 19. Bxc5 Qxc5+ 20. Qd4 Rfc8 21. Rd1 Bh6
22. Qxc5 Rxc5 23. a3 a5 24. Nd2 Bxd2 25. Rxd2 a4 26. Rf1 Rcc8 27. Bd1 Kg7 28.
Kh2 Rh8 29. Be2 h5 30. Bd1 Rag8 31. Bc2 g5 32. Rf5 Kh6 33. Bd1 Rg6 34. g3 Rhg8
35. Be2 Rh8 36. Kg2 Kg7 37. Rd1 Rgh6 38. Rd2 Ng6 39. Rd1 h4 40. Bg4 hxg3 41.
Rh1 Ne5 42. Kxg3 Rh4 43. Bf3 Nxf3 44. Rxf3 Rxe4 45. Kf2 Rhh4 46. Rd1 Rhf4 47.
Rd2 Kg6 48. Kg3 Kf5 49. Kf2 Ke5 50. Kg3 f5 51. Rff2 Re3+ 52. Kg2 Rd3 53. Rde2+
Kxd5 54. Rxf4 gxf4 55. h4 f3+ 0-1

[Event "Oban Challengers"]
[Site "?"]
[Date "2011.11.20"]
[Round "4"]
[White "Gillies, Alex"]
[Black "Clinton, William"]
[Result "1-0"]
[WhiteElo "1871"]
[BlackElo "1630"]
[PlyCount "70"]

1. d4 Nf6 2. g3 g6 3. Bg2 Bg7 4. e4 d6 5. f4 c5 6. c3 O-O 7. Qb3 Qc7 8. Ne2 Be6
9. d5 Bg4 10. h3 Bxe2 11. Kxe2 Nbd7 12. c4 Qb6 13. Bf3 Qxb3 14. axb3 Ne8 15. g4
Nc7 16. Nc3 a6 17. h4 b5 18. h5 bxc4 19. bxc4 Rfb8 20. Kd3 Rb4 21. Bd1 a5 22.
Rh2 Nb6 23. b3 Nd7 24. Rha2 a4 25. Rxa4 Raxa4 26. Rxa4 Rb7 27. hxg6 hxg6 28.
Ra2 Nf6 29. g5 Nh5 30. Rh2 Na6 31. Nb5 Nb4+ 32. Ke2 Rb8 33. Kf3 Ra8 34. Be3 Ra1
35. Rd2 Na2 1-0

[Event "Oban Challengers"]
[Site "?"]
[Date "2011.11.20"]
[Round "5"]
[White "Gillies, Alex"]
[Black "Sykes, Chris"]
[Result "1-0"]
[WhiteElo "1871"]
[BlackElo "1822"]
[PlyCount "49"]

1. d4 Nf6 2. g3 g6 3. Bg2 d5 4. Nf3 Bg7 5. O-O b6 6. c4 Bb7 7. Ne5 Nfd7 8. f4
c6 9. cxd5 cxd5 10. Nc3 e6 11. e4 Nf6 12. Qa4+ Nbd7 13. exd5 Nxd5 14. Nxd5 Bxd5
15. Bxd5 exd5 16. Re1 Bxe5 17. Rxe5+ Kf8 18. Rxd5 Ke7 19. Qa3+ Ke8 20. Bd2 Qc7
21. Re1+ Kd8 22. Qe7+ Kc8 23. Rxd7 Qxd7 24. Rc1+ Qc7 25. Qxc7# 1-0

[Event "Oban Challengers"]
[Site "?"]
[Date "2011.11.20"]
[Round "5"]
[White "MacDonald, Paul"]
[Black "Jelfs, Alan"]
[Result "1/2-1/2"]
[WhiteElo "1822"]
[BlackElo "1860"]
[PlyCount "80"]

1. c4 c5 2. g3 Nc6 3. Bg2 g6 4. Nc3 Bg7 5. d3 d6 6. Nf3 e6 7. O-O Nge7 8. e3
O-O 9. Rb1 Rb8 10. a3 b6 11. Bd2 d5 12. cxd5 exd5 13. b4 d4 14. exd4 cxd4 15.
Ne2 Bf5 16. Bf4 Rc8 17. Nh4 Be6 18. Qd2 Nd5 19. Bh6 Nc3 20. Bxg7 Nxe2+ 21. Qxe2
Kxg7 22. Rbc1 Bd5 23. Bxd5 Qxd5 24. Rfe1 Rce8 25. Qxe8 Rxe8 26. Rxe8 g5 27.
Nf5+ Qxf5 28. Rxc6 Qxd3 29. Rd6 g4 30. Red8 Qd1+ 31. Kg2 h5 32. Rxd4 Qf3+ 33.
Kg1 Qxa3 34. R8d7 a5 35. bxa5 bxa5 36. Rd3 Qb2 37. Rd2 Qc3 38. R7d3 Qc6 39. Rd6
Qc3 40. R6d3 Qc6 1/2-1/2

[Event "Oban Minor"]
[Site "?"]
[Date "2011.11.20"]
[Round "5"]
[White "Gillespie, Edward"]
[Black "Crosbie, Stuart"]
[Result "1/2-1/2"]
[WhiteElo "1134"]
[BlackElo "1319"]
[PlyCount "78"]

1. e4 e5 2. Nf3 d6 3. d4 Bg4 4. dxe5 Bxf3 5. Qxf3 dxe5 6. Bd3 Nc6 7. Be3 Qf6 8.
Qxf6 Nxf6 9. Nc3 a6 10. O-O Bd6 11. h3 h6 12. f4 Nb4 13. a3 Nxd3 14. cxd3 exf4
15. Bxf4 Bxf4 16. Rxf4 Nh5 17. Rf3 O-O 18. Nd5 c6 19. Ne7+ Kh7 20. Nf5 Rad8 21.
Raf1 g6 22. Nh4 Rd7 23. g4 Ng7 24. Ng2 Ne8 25. Nf4 Nf6 26. h4 Re7 27. d4 Nxe4
28. Rd1 Rfe8 29. d5 Nf6 30. dxc6 bxc6 31. Rd6 Nxg4 32. Rxc6 a5 33. Nd5 Re1+ 34.
Kg2 Ne5 35. Nf6+ Kh8 36. Nxe8 Nxc6 37. Nd6 Ne5 38. Nxf7+ Nxf7 39. Rxf7 Re2+
1/2-1/2

[Event "Oban Minor"]
[Site "?"]
[Date "2011.11.20"]
[Round "5"]
[White "Smith, Mark"]
[Black "Brodie, David"]
[Result "0-1"]
[WhiteElo "1056"]
[BlackElo "1252"]
[PlyCount "68"]

1. b4 e6 2. Bb2 d5 3. e3 Nf6 4. b5 Be7 5. Nf3 Nbd7 6. c4 O-O 7. Nd4 Nb6 8. d3
dxc4 9. dxc4 e5 10. Nc2 Qxd1+ 11. Kxd1 e4 12. Nd2 Bg4+ 13. Be2 Bxe2+ 14. Kxe2
Na4 15. Be5 Ne8 16. Nxe4 f5 17. Ng3 Bd6 18. Bxd6 Nxd6 19. Na3 Rad8 20. Rac1 Nc5
21. Rhd1 b6 22. f3 g6 23. Rd4 Rde8 24. Nf1 Ne6 25. Rd2 Kg7 26. Rcd1 h5 27. Rxd6
cxd6 28. Rxd6 Rf7 29. g3 Nc5 30. Nc2 Na4 31. Kd2 Nc5 32. Nd4 g5 33. h4 g4 34.
f4 Ne4+ 0-1